| 000 | 00835nam a2200301Ia 4500 | ||
|---|---|---|---|
| 003 | OSt | ||
| 005 | 20240517094040.0 | ||
| 008 | 210210b1914 xxu||||| |||| 00| 0 eng d | ||
| 040 | _cAL | ||
| 041 | _aeng | ||
| 082 | _a954/619 | ||
| 100 |
_aIndia, (Archaeological Survey of) _9165434 |
||
| 245 | _aAnnual report of the Archaeological Survey of India: Southern circle Madras 1913-14 | ||
| 260 |
_aMadras _bSuperintendent Government Printing _c1914 |
||
| 300 | _a53 | ||
| 650 |
_aSurvey _9165435 |
||
| 650 |
_aSouthern _9165436 |
||
| 650 |
_areport _9165437 |
||
| 650 |
_aMadras _9165438 |
||
| 650 |
_aIndia: _9165439 |
||
| 650 |
_acircle _9165440 |
||
| 650 |
_aArchaeological _9165441 |
||
| 650 |
_aAnnual _9165442 |
||
| 650 |
_a1913-14 _9165443 |
||
| 690 |
_aIndian History _9165444 |
||
| 906 | _a002119 | ||
| 942 |
_2ddc _cBK |
||
| 999 |
_c120878 _d120878 |
||